00416nam a2200109Ia 4500008004100000020002200041100002200063245011400085260004100199300004800240650001800288200928s9999 xx 000 0 und d a978-621-406-139-6 aMagan, Rhodora G. cRhodora G. Maganm Maria Cristina B. Nano, Charity T. Turano.--aPurposive communication in the 21st century / aManila :bMindshapers Co., In.c2018 aviii , 252 pages :billustrations ;c25 cm. aCommunication